| Tag |
First Indicator |
Second Indicator |
Subfields |
| LEADER |
00000cam a22000001a 4500 |
| 001 |
in00003195921 |
| 006 |
m d f |
| 007 |
cr bn mmmapmmp |
| 008 |
100318s1980 dcua ob f000 0 eng d |
| 005 |
20260504145135.7 |
| 035 |
|
|
|a cis2007491609
|
| 040 |
|
|
|a UMI
|c UMI
|d UtOrBLW
|
| 043 |
|
|
|a n-us---
|
| 074 |
|
|
|a 1017
|
| 086 |
0 |
|
|a Y 4.F 76/1:F 76/58
|
| 099 |
|
|
|a HRG-1979-FOA-0023
|
| 110 |
1 |
|
|a United States.
|b Congress.
|b House.
|b Committee on Foreign Affairs.
|b Subcommittee on International Operations.
|
| 245 |
1 |
4 |
|a The Foreign service act :
|b hearings before the Subcommittee on International Operations of the Committee on Foreign Affairs and the Subcommittee on Civil Service of the Committee on Post Office and Civil Service, House of Representatives, Ninety-sixth Congress, first session, on H.R. 4674 ...
|
| 264 |
|
1 |
|a Washington :
|b U.S. Govt. Print. Off,
|c 1980.
|
| 300 |
|
|
|a 1 online resource.
|
| 336 |
|
|
|a text
|b txt
|2 rdacontent
|
| 337 |
|
|
|a computer
|b c
|2 rdamedia
|
| 338 |
|
|
|a online resource
|b cr
|2 rdacarrier
|
| 500 |
|
|
|a Record is based on bibliographic data in ProQuest Congressional Hearings Digital Collection. Reuse except for individual research requires license from ProQuest, LLC.
|
| 504 |
|
|
|a Bibliography: pages 770-771.
|
| 538 |
|
|
|a System requirements: PDF reader software.
|
| 500 |
|
|
|a Electronic resource.
|
| 610 |
1 |
0 |
|a United States.
|b Foreign Service.
|
| 650 |
|
0 |
|a Diplomatic and consular service
|z United States
|x Appointments, promotions, salaries, etc.
|
| 655 |
|
7 |
|a Electronic books.
|2 local
|
| 710 |
2 |
|
|a ProQuest (Firm)
|
| 710 |
1 |
|
|a United States.
|b Congress.
|b House.
|b Committee on Post Office and Civil Service.
|b Subcommittee on Civil Service.
|
| 776 |
0 |
8 |
|i Print version:
|a United States. Congress. House. Committee on Foreign Affairs. Subcommittee on International Operations.
|t Foreign service act
|w (OCoLC)05979064
|w gp 80011072
|
| 776 |
0 |
8 |
|i Microfiche version:
|a United States. Congress. House. Committee on Foreign Affairs. Subcommittee on International Operations.
|t Foreign service act.
|d [Bethesda, Md.] : ProQuest,[2004]
|o CIS 80 H381-30
|w (ProQuest)cis08000597
|
| 830 |
|
0 |
|a U.S. Congressional Hearings.
|
| 856 |
4 |
0 |
|u http://proxy.library.tamu.edu/login?url=https://congressional.proquest.com/congcomp/getdoc?HEARING-ID=HRG-1979-FOA-0023
|z Connect to the full text of this electronic book
|t 0
|
| 998 |
|
|
|a cis08000597
|
| 999 |
|
|
|a MARS
|
| 999 |
f |
f |
|s 55b447ec-5d73-3cac-9605-f69addf93a28
|i 0929318c-efcf-30e4-852d-a4ada669e16d
|t 0
|
| 952 |
f |
f |
|a Texas A&M University
|b College Station
|c Electronic Resources
|s www_evans
|d Available Online
|t 0
|e HRG-1979-FOA-0023
|h Other scheme
|
| 998 |
f |
f |
|a HRG-1979-FOA-0023
|t 0
|l Available Online
|